[Event "BCF-chT4 0607 (4NCL)"]
[Site "Sunningdale"]
[Date "2006.12.03"]
[Round "4.6"]
[White "Alcock, Graham P"]
[Black "Evans, Joyce"]
[Result "1-0"]
[WhiteElo "1935"]
[BlackElo "1425"]
[PlyCount "55"]
[EventDate "2006.09.16"]
[EventType "team"]
[EventRounds "11"]
[EventCountry "ENG"]
[SourceTitle "EXT 2008"]
[Source "ChessBase"]
[SourceDate "2007.11.25"]
[SourceVersion "1"]
[SourceVersionDate "2007.11.25"]
[SourceQuality "1"]
[WhiteTeam "Coventry"]
[BlackTeam "Halesowen"]
[WhiteTeamCountry "ENG"]
[BlackTeamCountry "ENG"]

1. e4 e5 2. Nf3 Nc6 3. Bc4 Bc5 4. c3 Na5 5. Nxe5 Nxc4 6. Nxc4 Nf6 7. d4 Be7 8. e5 Nd5 9. 0-0 0-0 10. f4 d6 11. Qf3 Nb6 12. Nbd2 Be6 13. Nxb6 axb6 14. f5 Rxa2 15. Rxa2 Bxa2 16. f6 gxf6 17. exf6 Bxf6 18. Qxf6 Qxf6 19. Rxf6 Re8 20. Kf2 Kg7 21. Rf4 d5 22. Nf3 h6 23. Rg4+ Kh7 24. Rh4 Kg6 25. Ne5+ Kf6 26. Rxh6+ Ke7 27. Bg5+ Kf8 28. Bf6 1-0

[Event "BCF-chT4 0607 (4NCL)"]
[Site "Sunningdale"]
[Date "2006.09.24"]
[Round "2.6"]
[White "Evans, Joyce"]
[Black "Jerzynek, Neil"]
[Result "0-1"]
[WhiteElo "1425"]
[BlackElo "1660"]
[PlyCount "48"]
[EventDate "2006.09.16"]
[EventType "team"]
[EventRounds "11"]
[EventCountry "ENG"]
[SourceTitle "CBM 115 Extra"]
[Source "ChessBase"]
[SourceDate "2007.01.10"]
[SourceVersion "1"]
[SourceVersionDate "2007.01.10"]
[SourceQuality "1"]
[WhiteTeam "Halesowen"]
[BlackTeam "AMCA Hippos"]
[WhiteTeamCountry "ENG"]
[BlackTeamCountry "ENG"]

1. e4 e6 2. d4 d5 3. e5 c5 4. b3 Nc6 5. Nf3 Nge7 6. Nc3 cxd4 7. Nb5 Ng6 8. Nbxd4 Ngxe5 9. Nxc6 Nxf3+ 10. Qxf3 bxc6 11. Bd3 Bb4+ 12. Bd2 Bxd2+ 13. Kxd2 Qg5+ 14. Ke2 e5 15. Kf1 e4 16. Bxe4 0-0 17. Bd3 Re8 18. c4 Bg4 19. Qg3 Qf6 20. Rc1 Qb2 21. Qf4 Be2+ 22. Bxe2 Qxe2+ 23. Kg1 Qe1+ 24. Rxe1 Rxe1# 0-1

[Event "BCF-chT4 0506 (4NCL)"]
[Site "West Bromwich"]
[Date "2006.05.27"]
[Round "9.6"]
[White "Larter, Nick J"]
[Black "Evans, Joyce"]
[Result "1-0"]
[WhiteElo "1750"]
[BlackElo "1440"]
[PlyCount "61"]
[EventDate "2005.11.05"]
[EventType "team"]
[EventRounds "11"]
[EventCountry "ENG"]
[SourceTitle "CBM 109 Extra"]
[Source "ChessBase"]
[SourceDate "2006.01.03"]
[SourceVersion "2"]
[SourceVersionDate "2006.01.03"]
[SourceQuality "1"]
[WhiteTeam "Celtic Tigers"]
[BlackTeam "Halesowen"]
[WhiteTeamCountry "ENG"]
[BlackTeamCountry "ENG"]

1. e4 e5 2. Bc4 Bc5 3. b4 Bb6 4. a4 a6 5. Nf3 d6 6. d4 exd4 7. c3 Nf6 8. 0-0 0-0 9. Re1 Re8 10. Ng5 d5 11. exd5 Nxd5 12. Rxe8+ Qxe8 13. Bxd5 Be6 14. Bxb7 Ra7 15. Nxe6 Qxe6 16. Bf3 Nd7 17. a5 Ne5 18. axb6 Nxf3+ 19. gxf3 cxb6 20. Bf4 h6 21. cxd4 g5 22. Bg3 b5 23. d5 Qf6 24. Nd2 Rd7 25. Ne4 Qb6 26. d6 f5 27. Nf6+ Kf7 28. Nxd7 Qd8 29. Qd5+ Kg6 30. Qe6+ Kh5 31. Qf7# 1-0

[Event "BCF-chT4b 0405 (4NCL)"]
[Site "Telford"]
[Date "2005.05.28"]
[Round "9.4"]
[White "Cohn, Hans"]
[Black "Evans, Joyce"]
[Result "1-0"]
[WhiteElo "1835"]
[BlackElo "1435"]
[PlyCount "117"]
[EventDate "2004.11.06"]
[EventType "team"]
[EventRounds "11"]
[EventCountry "ENG"]
[SourceTitle "EXT 2006"]
[Source "ChessBase"]
[SourceDate "2005.11.24"]
[SourceVersion "1"]
[SourceVersionDate "2005.11.24"]
[SourceQuality "1"]
[WhiteTeam "Braille Chess Association"]
[BlackTeam "Halesowen"]
[WhiteTeamCountry "ENG"]
[BlackTeamCountry "ENG"]

1. c4 e5 2. Nc3 Nf6 3. Nf3 Bc5 4. Nxe5 0-0 5. d4 Bb6 6. e3 d6 7. Nf3 Bf5 8. Bd3 Qd7 9. 0-0 Nc6 10. Bxf5 Qxf5 11. a3 a5 12. b3 Rfe8 13. Bb2 Rac8 14. Qd2 Ba7 15. Rad1 Ne7 16. Qd3 Qd7 17. e4 Ng6 18. Bc1 b6 19. Rfe1 Bb8 20. e5 Nh5 21. Nd5 Ba7 22. exd6 c6 23. Ne7+ Nxe7 24. dxe7 Rxe7 25. Rxe7 Qxe7 26. Re1 Qd7 27. Qe4 Nf6 28. Qe7 Qxe7 29. Rxe7 Bb8 30. Re2 h6 31. Kf1 g5 32. h3 Kh7 33. Ke1 Kg7 34. Ne5 Nh5 35. Kd1 Nf4 36. Bxf4 gxf4 37. Kd2 Bd6 38. a4 Bb4+ 39. Kd3 Be7 40. Nxc6 Rxc6 41. Rxe7 Rg6 42. Re4 Rf6 43. f3 h5 44. d5 Kg6 45. Rd4 Kg5 46. d6 Re6 47. d7 Re3+ 48. Kd2 Kh4 49. d8Q+ Kg3 50. Qg8+ Kf2 51. Re4 Rxe4 52. fxe4 f6 53. Qg6 h4 54. Qg4 Kf1 55. Qf3+ Kg1 56. Ke2 Kh2 57. Kf2 f5 58. Qd1 fxe4 59. Qg1# 1-0